Central Library OPAC University of Rajshahi

Statistical analysis in chemistry and the chemical industry / (Record no. 34573)

MARC details
000 -LEADER
fixed length control field 01151nam a22003011 4500
001 - CONTROL NUMBER
control field 34573
003 - CONTROL NUMBER IDENTIFIER
rucl marc code BD-RjUL
005 - DATE AND TIME OF LATEST TRANSACTION
control field 20211209052200.0
008 - FIXED-LENGTH DATA ELEMENTS--GENERAL INFORMATION
fixed length control field 140518s1954 nyua 001 0 eng
035 ## - SYSTEM CONTROL NUMBER
System control number (BD-RjUL)34667
040 ## - CATALOGING SOURCE
Original cataloging agency DLC
Transcribing agency DLC
Modifying agency DLC
-- BD-RjUL
Language of cataloging eng
041 ## - LANGUAGE CODE
Language code of text/sound track or separate title eng
082 ## - DEWEY DECIMAL CLASSIFICATION NUMBER
Classification number 540.15195
Author mark and year BES 1954
100 1# - MAIN ENTRY--PERSONAL NAME
Personal name Bennett, Carl A.
Fuller form of name (Carl Allen),
Dates associated with a name 1921-
9 (RLIN) 105169
245 10 - TITLE STATEMENT
Title Statistical analysis in chemistry and the chemical industry /
Statement of responsibility, etc. [by] Carl A. Bennett [and] Norman L. Franklin. Sponsored by the Committee on Applied Mathematical Statistics, the National Research Council.
260 ## - PUBLICATION, DISTRIBUTION, ETC. (IMPRINT)
Place of publication, distribution, etc. New York :
Name of publisher, distributor, etc. Wiley,
Date of publication, distribution, etc. c1954.
300 ## - PHYSICAL DESCRIPTION
Pagination xvi, 724 p. :
Illustrations ill. ;
Size 24 cm.
490 0# - SERIES STATEMENT
Series statement Wiley publications in statistics
504 ## - BIBLIOGRAPHY, ETC. NOTE
Bibliography, etc Includes index.
650 #0 - SUBJECT ADDED ENTRY--TOPICAL TERM
Topical term or geographic name as entry element Chemistry
General subdivision Statistical methods.
9 (RLIN) 105170
Topical term or geographic name as entry element Mathematical statistics.
9 (RLIN) 105171
Topical term or geographic name as entry element Chemical industry.
9 (RLIN) 105172
700 1# - ADDED ENTRY--PERSONAL NAME
Personal name Franklin, Norman L.,
Relator term joint author.
710 2# - ADDED ENTRY--CORPORATE NAME
Corporate name or jurisdiction name as entry element National Research Council (U.S.).
Subordinate unit Committee on Applied Mathematical Statistics.
9 (RLIN) 105174
942 ## - ADDED ENTRY ELEMENTS (KOHA)
Source of classification or shelving scheme Dewey Decimal Classification
Koha item type Books
Holdings
Lost status Source of classification or shelving scheme Damaged status Not for loan Collection code Permanent Location Current Location Shelving location Date acquired Total Checkouts Full call number Date last seen Copy number Koha item type
  Dewey Decimal Classification   Not For Loan Non-fiction Central Library, University of Rajshahi Central Library, University of Rajshahi Reading Room 18/05/2014   540.15195 BES 1954 18/05/2014 C-1 Books